000 00609nam a2200217 a 4500
001 BRCA_8302
005 20190320210222.0
008 180614s1935----u--a###f##---#000-0#eng-#
041 _aeng
044 _au
050 4 _aPZ8.3
_b.R5 1935
245 1 0 _aThe rhyme of all flesh
_bwith slightly moral, somewhat scholarly annotations
_cintroduction by Don Bonmal.
260 _a[Estados Unidos]
_c[1935]
300 _a75 p.
_bil.
_c16 cm.
500 _aEjemplar 246 de 1000
500 _aS123
650 1 4 _aRimas para adultos
_920727
700 1 _aBonmal, Don
_eintr.
_920728
902 _aGFM
942 _2lcc
_cB
999 _c7970
_d7970